|
|
|
|
| LEADER |
00000cas a2200000 a 4500 |
| 001 |
vtls008884244 |
| 003 |
SK-MaSNL |
| 005 |
20260228162240.0 |
| 008 |
021215c19941994xo ar|na 0 0 b0sloo |
| 035 |
|
|
|a (SVKBB03)vtls000146817
|
| 040 |
|
|
|a ŠVK BB
|b slo
|c ŠVKBB
|d SNK
|e AACR2
|
| 041 |
0 |
|
|a slo
|
| 044 |
|
|
|a xo
|c SK
|
| 072 |
|
7 |
|a 792
|x Divadlo. Divadelné predstavenia
|2 konspekt
|
| 080 |
|
|
|a 792.05
|2 2011
|
| 080 |
|
|
|a (051)-048.55
|2 2011
|
| 245 |
0 |
0 |
|a Divadelné noviny
|b Mimoriadne vydanie o histórii a súčasnosti zvolenského divadla
|
| 260 |
|
|
|a Zvolen
|b Divadlo Jozefa Gregora Tajovksého
|c 1994
|
| 300 |
|
|
|a 1 zv.
|c 35 cm
|
| 310 |
|
|
|a 1x ročne
|
| 362 |
0 |
|
|a 1994
|
| 500 |
|
|
|a Jednorazová publikácia vydané pri príležitosti 45. výročia založenia profesionálneho divadla vo Zvolene a otvorenia novej budovy DJGT
|
| 610 |
2 |
7 |
|a Divadlo Jozefa Gregora Tajovského
|2 SNKPH
|9 232402
|
| 650 |
0 |
7 |
|a divadlá
|2 SNKPH
|9 29113
|
| 655 |
|
7 |
|a špecializované časopisy
|2 SNKPH
|9 70509
|
| 710 |
2 |
|
|a Divadlo Jozefa Gregora Tajovského
|4 pbl
|9 232402
|
| 910 |
|
|
|a snk
|
| 910 |
|
|
|a svkbb
|
| 999 |
|
|
|c 7273
|d 9203
|
| 952 |
|
|
|0 0
|1 0
|4 0
|7 0
|8 1
|a SNK
|b SNK
|d 2021-09-07
|i snk2021/11819
|l 0
|o snkČSB 7694/1994
|p 17A1435833
|r 2026-02-21 20:01:14
|t č. mimoriadne číslo
|w 2026-02-21
|y PREZ
|